INKBLT personality test : (Record no. 168456)

MARC details
000 -LEADER
fixed length control field 00787nam a22002177a 4500
005 - DATE AND TIME OF LATEST TRANSACTION
control field 20191009165312.0
010 ## - LCCN (DPL NO)
LC control number ENG-126630
020 ## - INTERNATIONAL STANDARD BOOK NUMBER
International Standard Book Number 9789353284619
Terms of availability 1795.00
035 ## - SYSTEM CONTROL NUMBER
System control number EN-110162
037 ## - SOURCE OF ACQUISITION
Source of stock number/acquisition DBAD/PUB
082 ## - DEWEY DECIMAL CLASSIFICATION NUMBER
Classification number 155.284
100 ## - MAIN ENTRY--PERSONAL NAME
Personal name Bankey Lal Dubey
245 ## - TITLE STATEMENT
Title INKBLT personality test :
Statement of responsibility, etc by Bankey Lal Dubey, Padmakali Banerjee [and] Anand Dubey
Remainder of title understanding the unconscious mind /
260 ## - PUBLICATION, DISTRIBUTION, ETC. (IMPRINT)
Place of publication, distribution, etc New Delhi
Name of publisher, distributor, etc SAGE Publications
Date of publication, distribution, etc 2019
270 ## - ADDRESS
Address B1/1-1, Mohan Cooperative Industrial Area
City Mathura Road, Post Bag 7
Postal code 110044
Electronic mail address marketing@sagepub.in
300 ## - PHYSICAL DESCRIPTION
Extent xxii,479p.
Dimensions 24cm(Hb)
500 ## - GENERAL NOTE
General note Includes bibliographical references and index
700 ## - ADDED ENTRY--PERSONAL NAME
Personal name Banerjee, Padmakali
700 ## - ADDED ENTRY--PERSONAL NAME
Personal name Dubey, Anand
942 ## - ADDED ENTRY ELEMENTS (KOHA)
Source of classification or shelving scheme Dewey Decimal Classification
Item type English Books
Classification part 155.284
Call number suffix DUB
Holdings
Withdrawn status Lost status Not for loan Collection code Home library Current library Date acquired Source of acquisition Cost, normal purchase price Full call number Barcode Copy number Cost, replacement price Koha item type
      Non-fiction Central Library Central Library 09/10/2019 DBAD/PUB 1795.00 155.284 DUB EN-110162 1 1795.00 English Books

© Delhi Public Library
Hit Counter
free hit counter